Vang bóng một thời
v.v...
Đã lưu trong:
| Tác giả chính: | |
|---|---|
| Định dạng: | Sách |
| Năm xuất bản: |
Tp. Hồ Chí Minh
Văn nghệ
1999
|
| Chủ đề: | |
| Tags: |
Thêm thẻ
Không có thẻ, Hãy là người đầu tiên gắn thẻ bản ghi này!
|
| LEADER | 00750nam a2200181 4500 | ||
|---|---|---|---|
| 082 | |a 895.922334 |b NG527T | ||
| 100 | |a Nguyễn Tuân | ||
| 245 | |a Vang bóng một thời |c Nguyễn Tuân | ||
| 260 | |a Tp. Hồ Chí Minh |b Văn nghệ |c 1999 | ||
| 300 | |a 159 tr. |c 19 cm. | ||
| 520 | |a v.v... | ||
| 653 | |a Văn học hiện đại | ||
| 653 | |a Việt Nam | ||
| 653 | |a Truyện ngắn | ||
| 942 | |2 ddc |c STK0 | ||
| 999 | |c 2854 |d 2854 | ||
| 952 | |0 0 |1 0 |2 ddc |4 0 |6 895_922334000000000_NG527T |7 1 |8 800 |9 33603 |a qbu |b qbu |c D5 |d 2014-12-15 |g 20000 |o 895.922334 NG527T |p 973.c1 |r 2015-10-21 |w 2014-12-15 |y STK0 | ||
| 952 | |0 0 |1 0 |2 ddc |4 0 |6 895_922334000000000_NG527T |7 0 |8 800 |9 33604 |a qbu |b qbu |c D5 |d 2014-12-15 |g 20000 |l 1 |o 895.922334 NG527T |p 973.c2 |r 2015-03-27 |s 2015-03-20 |w 2014-12-15 |y STK0 | ||